Linkin Park Songs by Synonyms - Statistics

General Stats
  • This quiz has been taken 927 times
  • The average score is 8 of 15
Answer Stats
Synonym Song Title % Correct
At the Finish In the End
96%
A Location for My Skull A Place for My Head
76%
Unfeeling Numb
75%
Smashing the Routine Breaking the Habit
63%
Punch the Ground Hit the Floor
62%
A Pace Nearer One Step Closer
62%
Everyone is Not Hearing Nobody's Listening
58%
A Place I'm Meant to Be Somewhere I Belong
58%
Don't Include the Others Leave Out All the Rest
56%
On My Own By Myself
54%
Hemoglobin it Away Bleed it Out
52%
Streets Not Gone To Roads Untraveled
40%
Anticipating the Stop Waiting for the End
37%
Disoriented in the Reflected Sound Lost in the Echo
33%
In Advance of it Leaving Until It's Gone
10%
No matching quizzes found
Score Distribution
Percent of People with Each Score
Percentile by Number Answered
Your Score History
You have not taken this quiz